Pictured Isogram Science Sets - Statistics

General Stats
  • This quiz has been taken 11 times
    10 since last reset
  • The average score is 13 of 20
Answer Stats
Picture Answer % Correct
Dolphin
100%
Heart
100%
Mars
100%
Saturn
100%
Zebra
100%
Chipmunk
89%
Jupiter
89%
Venus
89%
Walrus
89%
Kidneys
78%
(Stephen) Hawking
78%
Stomach
78%
Liver
67%
(Marie) Curie
67%
(Charles) Darwin
56%
(Alexander) Fleming
33%
Zero (0)
11%
Eighty-Four (84)
0%
Five Thousand (5000)
0%
Sixty-four (64)
0%
No matching quizzes found
Score Distribution
Percent of People with Each Score
Percentile by Number Answered
Your Score History
You have not taken this quiz since the last reset